| 000 | 00477nam a2200217 454500 | ||
|---|---|---|---|
| 001 | 078056 | ||
| 003 | BD-ChCU | ||
| 008 | Eng | ||
| 020 | _a | ||
| 040 |
_aDLC _cDLC _dBD-ChCU |
||
| 082 | 0 | 0 | _a182/LIP |
| 100 | 1 |
_a- _b- |
|
| 245 | 1 | 0 |
_aThe pageant of greece _b- |
| 250 | _a- | ||
| 260 |
_aOxford _bClarendon Press, _c1923 |
||
| 300 | _axi,436p | ||
| 504 | _a | ||
| 650 | 0 |
_aPhilosophy Greek _bPhilosophy, Greek |
|
| 700 | 1 | _aLivingstone, R. W. | |
| 942 |
_2ddc _cBK |
||
| 999 |
_c78056 _d78056 |
||